raindrops (an angel cried) - Ariana Grande (All Lyrics) - Statistics

General Stats
  • This quiz has been taken 89 times
  • The average score is 22 of 23
Answer Stats
Lyrics % Correct
fell
99%
raindrops
99%
from
97%
sky
97%
the
97%
the
97%
when
97%
an
96%
an
96%
angel
96%
angel
96%
down
96%
left
96%
she
96%
she
96%
cried
94%
cried,
94%
cried,
94%
cried
94%
me,
94%
oh,
94%
day
93%
you
93%
No matching quizzes found
Score Distribution
Percent of People with Each Score
Percentile by Number Answered
Your Score History
You have not taken this quiz